| Tag |
First Indicator |
Second Indicator |
Subfields |
| LEADER |
00000cam a2200000 i 4500 |
| 001 |
in00000049519 |
| 005 |
20151007071749.0 |
| 008 |
790810s1902 nyuc 00110beng d |
| 035 |
|
|
|a (OCoLC)05259712
|
| 035 |
|
|
|9 AAE6594AM
|
| 040 |
|
|
|a EZN
|c EZN
|d TXA
|d UtOrBLW
|
| 049 |
|
|
|a TXAM
|c [130232]
|
| 090 |
|
|
|a QD22.L7
|b S5 1902
|
| 092 |
|
|
|a 540.9
|b L716Ys
|
| 100 |
1 |
|
|a Shenstone, W. A.
|q (William Ashwell),
|d 1850-1908.
|
| 245 |
1 |
0 |
|a Justus von Liebig :
|b his life and work, 1803-1873 /
|c by W. A. Shenstone.
|
| 264 |
|
1 |
|a New York :
|b Macmillan,
|c 1902.
|
| 300 |
|
|
|a vi, pages, 1 ., [9]-219 pages, [1] page ;
|c 19 cm.
|
| 336 |
|
|
|a text
|b txt
|2 rdacontent
|
| 337 |
|
|
|a unmediated
|b n
|2 rdamedia
|
| 338 |
|
|
|a volume
|b nc
|2 rdacarrier
|
| 490 |
1 |
|
|a The century science series
|
| 500 |
|
|
|a Series title also at head of t.-p.
|
| 500 |
|
|
|a Preface dated 1895.
|
| 600 |
1 |
0 |
|a Liebig, Justus,
|c Freiherr von,
|d 1803-1873.
|
| 650 |
|
0 |
|a Chemistry
|x History.
|
| 830 |
|
0 |
|a Century science series.
|
| 999 |
|
|
|a MARS
|
| 999 |
f |
f |
|s 0be12dd8-7933-34b4-a682-2938ba3ff897
|i 0ee248bc-bab4-3d3e-8bca-e0e6db28716b
|t 0
|
| 952 |
f |
f |
|p ric
|a Texas A&M University
|b Rellis Campus
|c Joint Library Facility
|d Remote Storage
|t 0
|e QD22.L7 S5 1902
|h Library of Congress classification
|i unmediated -- volume
|m A14800933098
|
| 998 |
f |
f |
|a QD22.L7 S5 1902
|t 0
|l Remote Storage
|